000 00441ntaaa2200181 4500
003 01
005 20251027202315.0
008 0714s1973 ag 01
040 _aAR-BaBN
_bspa
_cAR-BaBN
_eaacr
_dRIC
082 _a280.1000 C84
100 _aCraig, Clarence Tucker
_911991
245 _aThe one church
250 _a1 ed.
260 _aNashville :
_bAbingdon-Cokesbury Press,
_c1951
300 _a155 p
650 _aecumenismo
942 _cBK
999 _c17853
_d17853